| 000 | 00578nam a2200169Ia 4500 | ||
|---|---|---|---|
| 008 | 151213s9999 xx 000 0 und d | ||
| 020 | _a9844800005 | ||
| 100 | _aজাহানারা ইমাম | ||
| 245 |
_aএকাত্তরের দিনগুলি _cজাহানারা ইমাম |
||
| 250 | _a১ম সং | ||
| 260 |
_aঢাকা _bগাজী শাহবুদ্দীন আহমদ। _c1986 |
||
| 300 | _a8356 p. | ||
| 650 | _aBangla | ||
| 650 | _a্ইতিহাস | ||
| 700 | _aজাহানারা ইমাম | ||
| 999 |
_c4196 _d4196 |
||